Databázový marketing - další stupeň komunikácie
Vytváranie kontaktu medzi firmou a zákazníkom prostredníctvom databázového marketingu, tzv. relačného marketingu. Možnosti využitia relačného marketingu. Postup pri tvorbe relačnej databázy. Hardware a software relačného marketingu.
Gespeichert in:
| Format: | Buchkapitel |
|---|---|
| Sprache: | Tschechisch |
| Schlagworte: | |
| Tags: |
Keine Tags, Fügen Sie das erste Tag hinzu!
|
MARC
| LEADER | 00000naa a2200000 4500 | ||
|---|---|---|---|
| 001 | r022682 | ||
| 005 | 20230911123240.4 | ||
| 041 | 0 | |a cze | |
| 044 | |a CZ | ||
| 245 | 1 | 0 | |a Databázový marketing - další stupeň komunikácie |
| 520 | |a Vytváranie kontaktu medzi firmou a zákazníkom prostredníctvom databázového marketingu, tzv. relačného marketingu. Možnosti využitia relačného marketingu. Postup pri tvorbe relačnej databázy. Hardware a software relačného marketingu. | ||
| 610 | 2 | 0 | |a marketing |
| 610 | 2 | 0 | |a hardvér |
| 610 | 2 | 0 | |a softvér |
| 610 | 2 | 0 | |a zákazníci |
| 610 | 2 | 0 | |a firmy |
| 610 | 2 | 0 | |a báza dát |
| 610 | 2 | 0 | |a technika výpočtová |